000 00342nam a2200145Ia 4500
008 230312s9999||||xx |||||||||||||| ||und||
020 _a93-392-0327-6
082 _a621.182
_bHAY-E
100 _aHayt;W,H
245 0 _aEngineering electromagnetics
260 _ausa
_c2014
300 _a632
650 _aEngineering
_vAvionics
942 _cBK
999 _c12636
_d12636